000 00473nam a2200181Ia 4500
003 GCL
008 140319s9999 xx 000 0 eng d
040 _aGCL /
_cGCL
082 0 4 _a620.001
_bB I
100 1 _aBURTON, J. H.
245 1 0 _aINTRODUCTION TO DYNAMIC SYSTEMS ANALYSIS /
_cBURTON, J. H.
260 _a[S.N] :
_bMC GRAW - HILL ،
_c1994
300 _a700 P
650 0 4 _aSYSTEM ENGINEERING
650 0 4 _aDYNAMICS
650 0 4 _aLINEAR SYSTEM
942 _2ddc
_cBK
999 _c23655
_d23655